000 00647nam a22001937a 4500
003 OSt
005 20160311131127.0
008 160311b xxu||||| |||| 00| 0 eng d
020 _a978-9-71990805-0 (pbk.)
040 _cLIC
082 _22013
_aDFil 370.7642
_bP13l
100 _93622
_aPadilla, Edward John C.
245 _aLicensure examination for teachers reviewer :
_bEnglish major's guide /
_cEdward John C. Padilla.
260 _aSampaloc, Manila :
_bMET RevieW, LET Specialist,
_c©2013.
300 _a200 pages :
_b illustrations ;
_c21 cm.
365 _b592.00
_cPhp
650 0 _93623
_aEnglish language
_vExaminations
942 _2ddc
_cBK
999 _c1255
_d1255